A recent consultation of Lucifer: a previously unknown work by Sebastian Franck?
| Main Author: | |
|---|---|
| Format: | Print Article |
| Language: | English German |
| Check availability: | HBZ Gateway |
| Interlibrary Loan: | Interlibrary Loan for the Fachinformationsdienste (Specialized Information Services in Germany) |
| Published: |
1984
|
| In: |
The Mennonite quarterly review
Year: 1984, Volume: 58, Issue: 5, Pages: 477-502 |
| Standardized Subjects / Keyword chains: | B
Franck, Sebastian 1499-1542
|
| Further subjects: | B
Franck, Sebastian (1499-1542)
B Biography |
MARC
| LEADER | 00000caa a22000002c 4500 | ||
|---|---|---|---|
| 001 | 1643422162 | ||
| 003 | DE-627 | ||
| 005 | 20240618204324.0 | ||
| 007 | tu | ||
| 008 | 160405s1984 xx ||||| 00| ||eng c | ||
| 035 | |a (DE-627)1643422162 | ||
| 035 | |a (DE-576)463619102 | ||
| 035 | |a (DE-599)BSZ463619102 | ||
| 040 | |a DE-627 |b ger |c DE-627 |e rakwb | ||
| 041 | |a eng |a ger | ||
| 084 | |a 1 |2 ssgn | ||
| 084 | |a 07 |2 bwlb | ||
| 100 | 1 | |0 (DE-588)172926866 |0 (DE-627)697854248 |0 (DE-576)168195305 |4 aut |a Waite, Gary K. |d 1955- | |
| 109 | |a Waite, Gary K. 1955- |a Waite, Gary 1955- | ||
| 245 | 1 | 2 | |a A recent consultation of Lucifer |b a previously unknown work by Sebastian Franck? |
| 264 | 1 | |c 1984 | |
| 336 | |a Text |b txt |2 rdacontent | ||
| 337 | |a ohne Hilfsmittel zu benutzen |b n |2 rdamedia | ||
| 338 | |a Band |b nc |2 rdacarrier | ||
| 500 | |a S. 498-502: Konkordanz "Ein gehapter Ratschlag" - "Franck's works" | ||
| 600 | 1 | 7 | |0 (DE-588)11853467X |0 (DE-627)134375521 |0 (DE-576)160990491 |a Franck, Sebastian |d 1499-1542 |2 gnd |7 (dpeaa)DE-631 |
| 601 | |a Sebastiane | ||
| 655 | 7 | |a Biografie |0 (DE-588)4006804-3 |0 (DE-627)104213493 |0 (DE-576)208867147 |2 gnd-content | |
| 689 | 0 | 0 | |d p |0 (DE-588)11853467X |0 (DE-627)134375521 |0 (DE-576)160990491 |2 gnd |a Franck, Sebastian |d 1499-1542 |
| 689 | 0 | |5 (DE-627) | |
| 773 | 0 | 8 | |i In |t The Mennonite quarterly review |d Goshen, Ind. : [Verlag nicht ermittelbar], 1927 |g 58(1984), 5, Seite 477-502 |w (DE-627)129883786 |w (DE-600)300518-5 |w (DE-576)015181278 |x 0025-9373 |7 nnas |
| 773 | 1 | 8 | |g volume:58 |g year:1984 |g number:5 |g pages:477-502 |
| 889 | |w (DE-627)1875412646 | ||
| 935 | |a mteo |a BWLB | ||
| 951 | |a AR | ||
| ELC | |b 1 | ||
| ITA | |a 1 |t 1 | ||
| LOK | |0 000 xxxxxcx a22 zn 4500 | ||
| LOK | |0 001 3308604469 | ||
| LOK | |0 003 DE-627 | ||
| LOK | |0 004 1643422162 | ||
| LOK | |0 005 20160405102312 | ||
| LOK | |0 008 160404||||||||||||||||ger||||||| | ||
| LOK | |0 040 |a DE-Tue135 |c DE-627 |d DE-Tue135 | ||
| LOK | |0 092 |o n | ||
| LOK | |0 852 |a DE-Tue135 | ||
| LOK | |0 852 1 |9 00 | ||
| LOK | |0 935 |a ixzs |a ixmi | ||
| LOK | |0 939 |a 04-04-16 |b l01 | ||
| ORI | |a SA-MARC-ixtheoa001.raw | ||
| SYA | 0 | 0 | |a Franck, Sebastianus,1499-1542,Francus, Sebastian,1499-1542,Frank,1499-1542,S.F.,1499-1542,Francus, Sebastianus,1499-1542,Frank, Sebastian,1499-1542,Franckus, Sebastianus,1499-1542,Franckius, Sebastianius,1499-1542,Francke, Sebastian,1499-1542,Franck van Weirdt, Sebastiaen,1499-1542,Franck von Wörth, Sebastian,1499-1542,Francus, Sebastianus,Woerdensis,1499-1542,Frank,von Wörd,1499-1542,Eleutherius, Augustinus,1499-1542,Eluthenius, August,1499-1542,Frei, Felix,1499-1542,Frey, Felix,1499-1542,Wernstreyt, Friedrich,1499-1542,Wernstreyt, Friderich,1499-1542 |
| SYG | 0 | 0 | |a Franck, Sebastianus,1499-1542,Francus, Sebastian,1499-1542,Frank,1499-1542,S.F.,1499-1542,Francus, Sebastianus,1499-1542,Frank, Sebastian,1499-1542,Franckus, Sebastianus,1499-1542,Franckius, Sebastianius,1499-1542,Francke, Sebastian,1499-1542,Franck van Weirdt, Sebastiaen,1499-1542,Franck von Wörth, Sebastian,1499-1542,Francus, Sebastianus,Woerdensis,1499-1542,Frank,von Wörd,1499-1542,Eleutherius, Augustinus,1499-1542,Eluthenius, August,1499-1542,Frei, Felix,1499-1542,Frey, Felix,1499-1542,Wernstreyt, Friedrich,1499-1542,Wernstreyt, Friderich,1499-1542 |